QBs Drafted in the 2000s - Statistics

General Stats
  • This quiz has been taken 30 times
  • The average score is 20 of 130
Answer Stats
Year College Answer % Correct
Purdue Drew Brees
86%
2001 Virginia Tech Michael Vick
82%
California Aaron Rodgers
77%
2003 USC Carson Palmer
77%
2004 Ole Miss Eli Manning
77%
2009 Georgia Matthew Stafford
77%
Michigan Tom Brady
77%
2005 Utah Alex Smith
73%
Miami (OH) Ben Roethlisberger
68%
2002 Fresno State David Carr
68%
2007 LSU JaMarcus Russell
68%
2008 Boston College Matt Ryan
68%
NC State Philip Rivers
68%
Ohio State Troy Smith
68%
2000 Marshall Chad Pennington
64%
2006 Texas Vince Young
59%
Delaware Joe Flacco
55%
USC Matt Leinart
55%
Vanderbilt Jay Cutler
50%
Virginia Matt Schaub
41%
Notre Dame Brady Quinn
36%
Michigan Chad Henne
36%
San Diego Josh Johnson
36%
USC Mark Sanchez
36%
Florida Rex Grossman
36%
Harvard Ryan Fitzpatrick
36%
Auburn Jason Campbell
32%
Oregon Joey Harrington
32%
Kansas State Josh Freeman
32%
Alabama State Tarvaris Jackson
32%
Marshall Byron Leftwich
27%
Sam Houston State Josh McCown
27%
Louisiana Tech Luke McCown
27%
USC Matt Cassel
23%
Tulane Patrick Ramsey
23%
California Kyle Boller
18%
West Virginia Marc Bulger
18%
Florida State Chris Weinke
14%
Connecticut Dan Orlovsky
14%
Oregon State Derek Anderson
14%
Tulane J.P. Losman
14%
Purdue Kyle Orton
14%
Georgia Quincy Carter
14%
East Carolina David Garrard
9%
San Diego State Kevin O'Connell
9%
LSU Matt Flynn
9%
Louisville Brian Brohm
5%
Louisville Chris Redman
5%
Hawaii Colt Brennan
5%
Houston Kevin Kolb
5%
Texas Tech Kliff Kingsbury
5%
Illinois Kurt Kittner
5%
Iowa State Sage Rosenfels
5%
Iowa State Seneca Wallace
5%
Southwest Texas State Spergon Wynn
5%
Tennessee Tee Martin
5%
Stanford Trent Edwards
5%
Coastal Carolina Tyler Thigpen
5%
Florida State Adrian McPherson
0%
Oregon A.J. Feeley
0%
Washington State Alex Brink
0%
Kentucky Andre' Woodson
0%
Arizona State Andrew Walter
0%
Delaware Andy Hall
0%
Texas Tech B.J. Symons
0%
Colorado State Bradlee Van Pelt
0%
BYU Brandon Doman
0%
Boston College Brian St. Pierre
0%
Alabama Brodie Croyle
0%
Wisconsin Brooks Bollinger
0%
Toledo Bruce Gradkowski
0%
Wyoming Casey Bramlet
0%
Akron Charlie Frye
0%
Clemson Charlie Whitehurst
0%
Texas Chris Simms
0%
Washington Cody Pickett
0%
Ohio State Craig Krenzel
0%
Northwestern State Craig Nall
0%
Purdue Curtis Painter
0%
Louisville Dave Ragone
0%
Georgia David Greene
0%
Oregon Dennis Dixon
0%
Georgia D.J. Shockey
0%
Michigan Drew Henson
0%
Micihgan State Drew Stanton
0%
Tennessee Erik Ainge
0%
Indiana Gibran Hamdan
0%
Hofstra Giovanni Carmazzi
0%
Furman Ingle Martin
0%
Washington Isaiah Stanback
0%
Florida A&M JaJuan Seider
0%
Tulsa James Kilian
0%
Notre Dame Jarious Jackson
0%
Southern Miss Jeff Kelly
0%
Nevada Jeff Rowe
0%
Michigan State Jeff Smoker
0%
Florida Jesse Palmer
0%
Wisconsin Jim Sorgi
0%
Georgia Tech Joe Hamilton
0%
BYU John Beck
0%
USC John David Booty
0%
Michigan John Navarre
0%
UTEP Jordan Palmer
0%
LSU Josh Booty
0%
Bowling Green Josh Harris
0%
Oklahoma Josh Heupel
0%
UC Davis J.T. O'Sullivan
0%
West Texas A&M Keith Null
0%
Oregon Kellen Clemens
0%
Miami (FL) Ken Dorsey
0%
Washington Marques Tuiasosopo
0%
LSU Matt Mauck
0%
Rutgers Mike McMahon
0%
Rutgers Mike Teel
0%
Ball State Nate Davis
0%
Bowling Green Omar Jacobs
0%
West Virginia Pat White
0%
Stanford Randy Fasani
0%
Texas A&M Reggie McNeal
0%
Sam Houston State Rhett Bomar
0%
LSU Rohan Davey
0%
North Carolina Ronald Curry
0%
Cal Poly Seth Burford
0%
Louisville Stefan Lefors
0%
Texas A&M Stephen McGee
0%
Ohio State Steve Bellisari
0%
Louisiana Tech Tim Rattay
0%
Stanford Todd Husak
0%
Fresno State Tom Brandstater
0%
Stephen F. Austin Wes Pate
0%
No matching quizzes found
Score Distribution
Percent of People with Each Score
Percentile by Number Answered
Your Score History
You have not taken this quiz